[Event "Lichtenrader Herbst 2016"]
[Site "Berlin-Lichtenrade"]
[Date "2016.10.23"]
[Round "2.27"]
[White "Boettcher, Patrick"]
[Black "Baum, Jonasz"]
[Result "1-0"]
[WhiteElo "2150"]
[BlackElo "1851"]
[PlyCount "33"]
[EventDate "2016.??.??"]
[WhiteTeam "SC Zitadelle Spandau 1977 e.V."]
[BlackTeam "UKS Czternastka Warszawa"]

1. d4 Nf6 2. Nf3 d5 3. c4 e6 4. g3 dxc4 5. Bg2 Bb4+ 6. Bd2 c5 7. O-O O-O 8.
dxc5 Bxc5 9. Qc2 Qb6 10. Ne5 Nc6 11. Nxc4 Qc7 12. Bg5 Nd5 13. a3 h6 14. Bd2 b5
15. Ne3 Nxe3 16. Bxe3 Bb7 17. Qxc5 1-0

[Event "Lichtenrader Herbst 2016"]
[Site "Berlin-Lichtenrade"]
[Date "2016.10.23"]
[Round "2.28"]
[White "Dathe, Frederick"]
[Black "Welz, Peter"]
[Result "0-1"]
[WhiteElo "1909"]
[BlackElo "2085"]
[PlyCount "40"]
[EventDate "2016.??.??"]
[WhiteTeam "SC Kreuzberg"]
[BlackTeam "SV Empor Berlin e.V."]

1. Nf3 f5 2. c4 Nf6 3. Nc3 g6 4. g3 Bg7 5. Bg2 O-O 6. d4 d6 7. O-O Nc6 8. d5
Ne5 9. Nxe5 dxe5 10. e4 f4 11. gxf4 exf4 12. Bxf4 Nxe4 13. Bd2 Nxd2 14. Qxd2 e6
15. Rad1 Qh4 16. Qe2 exd5 17. Bxd5+ Kh8 18. Qe4 Qh5 19. Rfe1 Bg4 20. Rd4 Rxf2
0-1

[Event "Lichtenrader Herbst 2016"]
[Site "Berlin-Lichtenrade"]
[Date "2016.10.23"]
[Round "2.29"]
[White "Hartmann, Jakob"]
[Black "Scheide, Helmut"]
[Result "1-0"]
[WhiteElo "2037"]
[BlackElo "1955"]
[PlyCount "49"]
[EventDate "2016.??.??"]
[WhiteTeam "SV Königsjäger Süd-West e.V."]
[BlackTeam "USV Potsdam e.V., Abt. Schach"]

1. e4 e5 2. Nf3 Nc6 3. Bc4 Nf6 4. d4 exd4 5. e5 d5 6. Bb5 Ne4 7. Nxd4 Bd7 8.
Bxc6 bxc6 9. O-O Be7 10. f3 Nc5 11. f4 Ne4 12. Nc3 Nxc3 13. bxc3 c5 14. Ne2 Bc6
15. f5 Bg5 16. Ng3 Bxc1 17. Qxc1 h5 18. e6 Rh6 19. f6 Rxf6 20. Nxh5 Rxf1+ 21.
Qxf1 fxe6 22. Nxg7+ Kd7 23. Nxe6 Qg8 24. Re1 Rb8 25. Qf5 1-0

[Event "Lichtenrader Herbst 2016"]
[Site "Berlin-Lichtenrade"]
[Date "2016.10.23"]
[Round "2.30"]
[White "Shoipov, Dennie"]
[Black "Heuer, Thomas"]
[Result "1/2-1/2"]
[WhiteElo "1823"]
[BlackElo "2127"]
[PlyCount "35"]
[EventDate "2016.??.??"]
[BlackTeam "TSG Neuruppin"]

1. e4 c5 2. Nf3 Nc6 3. d4 cxd4 4. Nxd4 g6 5. Nc3 Bg7 6. Be3 Nf6 7. Be2 O-O 8.
O-O d5 9. exd5 Nxd5 10. Nxd5 Qxd5 11. Bf3 Qc4 12. Nxc6 bxc6 13. c3 Bf5 14. Be2
Qe4 15. Bf3 Qc4 16. Be2 Qe4 17. Bf3 Qc4 18. Be2 1/2-1/2

[Event "Lichtenrader Herbst 2016"]
[Site "Berlin-Lichtenrade"]
[Date "2016.10.24"]
[Round "3.1"]
[White "Schnabel, Ralf"]
[Black "Chatalbashev, Boris"]
[Result "0-1"]
[WhiteElo "2234"]
[BlackElo "2534"]
[PlyCount "50"]
[EventDate "2016.??.??"]
[WhiteTeam "ESV Nickelhütte Aue"]
[BlackTeam "SV Würselen"]

1. e4 d6 2. d4 Nf6 3. Nc3 g6 4. f4 Bg7 5. Nf3 O-O 6. Be3 Nbd7 7. Qd2 e5 8.
O-O-O Ng4 9. Bc4 Nb6 10. Bb3 Nxe3 11. Qxe3 exd4 12. Nxd4 c5 13. Ndb5 c4 14. Ba4
Bd7 15. Rxd6 Nxa4 16. Rhd1 Bxb5 17. Rxd8 Rfxd8 18. e5 Rxd1+ 19. Nxd1 Bc6 20. g4
Re8 21. g5 Bf8 22. Qxa7 Bc5 23. Qa5 c3 24. bxc3 b6 25. Qa6 Rd8 0-1

[Event "Lichtenrader Herbst 2016"]
[Site "Berlin-Lichtenrade"]
[Date "2016.10.24"]
[Round "3.2"]
[White "Stefansson, Hannes"]
[Black "Barath, Madhan"]
[Result "1-0"]
[WhiteElo "2571"]
[BlackElo "2125"]
[PlyCount "59"]
[EventDate "2016.??.??"]
[WhiteTeam "Reykjavik"]
[BlackTeam "SC Zugzwang 95 e.V."]

1. d4 Nf6 2. c4 e6 3. Nc3 Bb4 4. e3 O-O 5. Bd3 d5 6. Nf3 b6 7. cxd5 exd5 8. O-O
Bb7 9. a3 Bd6 10. b4 a6 11. Qb3 Nbd7 12. a4 Ne4 13. Nxd5 Ndf6 14. Nxf6+ Qxf6
15. Qc2 Rfe8 16. Bb2 Qh6 17. Ne5 Nf6 18. e4 Rac8 19. Bc1 Qh5 20. f4 c5 21. bxc5
bxc5 22. Be2 Qh4 23. Qb3 Bxe4 24. Bc4 Rb8 25. Qa2 Bxe5 26. dxe5 Ng4 27. Bxf7+
Kh8 28. h3 Qg3 29. hxg4 Re7 30. Bd5 1-0

[Event "Lichtenrader Herbst 2016"]
[Site "Berlin-Lichtenrade"]
[Date "2016.10.24"]
[Round "3.3"]
[White "Sliwicka, Alicja"]
[Black "Kovalev, Andrei"]
[Result "0-1"]
[WhiteElo "2144"]
[BlackElo "2506"]
[PlyCount "74"]
[EventDate "2016.??.??"]
[WhiteTeam "UKS OPP TORUN"]

1. e4 c5 2. Nf3 e6 3. d4 cxd4 4. Nxd4 a6 5. Bd3 Ne7 6. O-O Nbc6 7. Nb3 g6 8. a4
Bg7 9. Na3 O-O 10. Nc4 d5 11. exd5 Nxd5 12. c3 Qc7 13. Bg5 b6 14. Be4 Bb7 15.
Bxd5 exd5 16. Ne3 d4 17. cxd4 h6 18. Bh4 Qd7 19. d5 Nb4 20. Qd2 a5 21. Rfd1 g5
22. Bg3 f5 23. f4 Rad8 24. d6 Qe6 25. Ra3 Qe4 26. Qe2 Ba6 27. Qf2 Nd3 28. Qf3
gxf4 29. Rxd3 Qxd3 30. Bxf4 Qb1+ 31. Nd1 Rfe8 32. Qd5+ Kh8 33. Bg3 f4 34. Bf2
Bb7 35. Qh5 Qe4 36. Qh3 Rxd6 37. Nc3 Qb1+ 0-1

[Event "Lichtenrader Herbst 2016"]
[Site "Berlin-Lichtenrade"]
[Date "2016.10.24"]
[Round "3.4"]
[White "Teske, Henrik"]
[Black "Krefenstein, Sergej"]
[Result "1-0"]
[WhiteElo "2482"]
[BlackElo "2176"]
[PlyCount "97"]
[EventDate "2016.??.??"]
[WhiteTeam "SV Empor Erfurt"]
[BlackTeam "TuS Makkabi Berlin"]

1. Nf3 e6 2. d4 Nf6 3. g3 b5 4. Bg5 Be7 5. Nbd2 Bb7 6. Bg2 O-O 7. c4 bxc4 8.
Nxc4 Bb4+ 9. Bd2 Qe7 10. O-O Bxd2 11. Qxd2 d6 12. Rfc1 Rc8 13. b4 Nbd7 14. a4
a6 15. Rab1 Nb6 16. Qd1 Be4 17. Nfd2 Bxg2 18. Kxg2 Nfd7 19. Qc2 Nxc4 20. Nxc4
c5 21. dxc5 dxc5 22. b5 axb5 23. Rxb5 Rab8 24. Rcb1 Qd8 25. Qe4 Nf6 26. Qf3
Rxb5 27. Rxb5 Nd5 28. e4 Ne7 29. a5 Nc6 30. Rxc5 Qd4 31. Qe3 Qxe3 32. fxe3 Na7
33. Rxc8+ Nxc8 34. Kf3 Kf8 35. e5 Ke7 36. a6 Na7 37. Ke4 Kd7 38. Kd4 Kc6 39.
Nd6 f5 40. exf6 gxf6 41. Ne8 Nb5+ 42. Ke4 Nc3+ 43. Kd3 Nd5 44. a7 Kb7 45. e4
Ne7 46. Nxf6 h6 47. Kd4 Ng6 48. h4 Kxa7 49. h5 1-0

[Event "Lichtenrader Herbst 2016"]
[Site "Berlin-Lichtenrade"]
[Date "2016.10.24"]
[Round "3.5"]
[White "Hincu, Olga"]
[Black "Kasparov, Sergey"]
[Result "1-0"]
[WhiteElo "2122"]
[BlackElo "2470"]
[PlyCount "91"]
[EventDate "2016.??.??"]

1. Nf3 Nf6 2. c4 c5 3. d4 cxd4 4. Nxd4 b6 5. Nc3 Bb7 6. f3 Nc6 7. e4 e6 8. Be3
Bc5 9. Nxc6 Bxc6 10. Qd2 Bxe3 11. Qxe3 d6 12. Be2 O-O 13. O-O Qe7 14. f4 e5 15.
f5 h6 16. Rad1 Rfd8 17. Bf3 Rab8 18. g4 b5 19. cxb5 Bxb5 20. Rf2 Bc6 21. h4 Nh7
22. Rh2 Rb4 23. Rdd2 Qb7 24. g5 Qb6 25. Qxb6 Rxb6 26. Rhg2 Kf8 27. Kf2 hxg5 28.
hxg5 f6 29. g6 Ng5 30. Ke3 Ke7 31. Rh2 Rbb8 32. Rd1 Rh8 33. Rdh1 Rxh2 34. Rxh2
a5 35. Bd1 d5 36. exd5 Bd7 37. d6+ Kxd6 38. Rd2+ Kc7 39. Nd5+ Kc8 40. Rc2+ Kd8
41. Rh2 Kc8 42. Rc2+ Kd8 43. Rh2 Kc8 44. Rh8+ Kb7 45. Rxb8+ Kxb8 46. Bc2 1-0

[Event "Lichtenrader Herbst 2016"]
[Site "Berlin-Lichtenrade"]
[Date "2016.10.24"]
[Round "3.6"]
[White "Karpatchev, Aleksandr"]
[Black "Feil, Stephan"]
[Result "1-0"]
[WhiteElo "2463"]
[BlackElo "2140"]
[PlyCount "67"]
[EventDate "2016.??.??"]
[WhiteTeam "SF Bad Mergentheim"]
[BlackTeam "SK 1962 Ladenburg"]

1. e4 e5 2. Bc4 Nf6 3. d3 c6 4. Nf3 Be7 5. O-O d6 6. Bb3 O-O 7. c3 Qc7 8. Nbd2
Nbd7 9. Re1 Nc5 10. Bc2 b5 11. Nf1 Re8 12. d4 Ne6 13. a4 a6 14. axb5 cxb5 15.
Ne3 Nf4 16. Nf5 Ng6 17. Bb3 Bb7 18. dxe5 dxe5 19. Ng5 Nh8 20. Qf3 Bf8 21. Nh3
Qc6 22. Qg3 g6 23. f3 Nh5 24. Qh4 gxf5 25. Qxh5 fxe4 26. Rxe4 Qb6+ 27. Be3 Bc5
28. Rg4+ Ng6 29. Bxf7+ Kxf7 30. Qxh7+ Kf8 31. Bxc5+ Qxc5+ 32. Kh1 Re6 33. Ng5
Rf6 34. Qxb7 1-0

[Event "Lichtenrader Herbst 2016"]
[Site "Berlin-Lichtenrade"]
[Date "2016.10.24"]
[Round "3.7"]
[White "Noetzel, Felix"]
[Black "Inkiov, Ventzislav"]
[Result "1/2-1/2"]
[WhiteElo "2209"]
[BlackElo "2436"]
[PlyCount "89"]
[EventDate "2016.??.??"]
[WhiteTeam "SF 1903 Berlin"]

1. e4 c5 2. d4 cxd4 3. c3 d3 4. Bxd3 d6 5. h3 Nf6 6. Nf3 g6 7. O-O Bg7 8. Be3
O-O 9. Nbd2 b6 10. Nd4 Bb7 11. f3 Nbd7 12. Bc4 a6 13. a4 Qc7 14. Qb3 e5 15. Ne2
Nc5 16. Qc2 d5 17. exd5 Nxd5 18. Bf2 Rad8 19. Rad1 Qc6 20. b3 Bh6 21. Bxd5 Rxd5
22. c4 Rxd2 23. Rxd2 Bxd2 24. Qxd2 Nxb3 25. Qb4 Nc5 26. a5 Nd3 27. Qxb6 Nxf2
28. Kxf2 Qc8 29. Rd1 e4 30. f4 e3+ 31. Kg3 Ba8 32. c5 Qe8 33. Rd6 Qe4 34. c6 g5
35. Rd8 Bxc6 36. Rxf8+ Kxf8 37. Qd8+ Kg7 38. Qxg5+ Qg6 39. Nd4 Be4 40. Nb3
Qxg5+ 41. fxg5 f5 42. Nd4 Kg6 43. Kf4 Bxg2 44. Nxf5 Bxh3 45. Nxe3 1/2-1/2

[Event "Lichtenrader Herbst 2016"]
[Site "Berlin-Lichtenrade"]
[Date "2016.10.24"]
[Round "3.8"]
[White "Rettore, Ludwig"]
[Black "Ahmadinia, Ebrahim"]
[Result "0-1"]
[WhiteElo "2087"]
[BlackElo "2370"]
[PlyCount "148"]
[EventDate "2016.??.??"]
[WhiteTeam "Il Castelletto"]
[BlackTeam "SF Berlin 1903 e.V."]

1. Nf3 g6 2. e4 Bg7 3. d4 d6 4. Bd3 c5 5. c3 Nf6 6. Nbd2 O-O 7. O-O cxd4 8.
cxd4 Nc6 9. Re1 Bg4 10. h3 Bxf3 11. Nxf3 Nd7 12. Be3 d5 13. exd5 Nb4 14. d6
exd6 15. Bg5 Qb6 16. Bc4 Nc6 17. Be3 Na5 18. b3 Qd8 19. Bg5 Nf6 20. Bf1 h6 21.
Bh4 Nc6 22. Rc1 Qa5 23. a4 a6 24. Bg3 Rfd8 25. Bc4 Nd5 26. Qd3 Kh7 27. h4 Ndb4
28. Qd2 d5 29. Bf1 Qb6 30. Be5 Re8 31. Bxg7 Kxg7 32. h5 Re4 33. hxg6 fxg6 34.
Rxe4 dxe4 35. d5 exf3 36. dxc6 Nxc6 37. Qd7+ Kh8 38. Qe6 Rg8 39. Bc4 Rg7 40.
gxf3 Qd8 41. Re1 Kh7 42. Qe8 Qf6 43. Re3 Nd4 44. Kg2 Nf5 45. Rd3 h5 46. Rd8 Re7
47. Qg8+ Kh6 48. Qh8+ Qxh8 49. Rxh8+ Kg5 50. Bd3 Re6 51. Rh7 Rb6 52. Be4 Rxb3
53. Rxb7 Rxb7 54. Bxb7 a5 55. Bc6 Kf4 56. Be8 Ne7 57. Bf7 h4 58. Be8 g5 59. Bd7
Ng6 60. Bc6 Ne5 61. Bd5 Nxf3 62. Kh3 Ne1 63. Bc6 Nd3 64. Kg2 Ke5 65. Kf3 Kd4
66. Be8 Ne5+ 67. Kg2 Kd3 68. Bb5+ Kd2 69. Kh3 Ke1 70. Kg2 h3+ 71. Kxh3 Kxf2 72.
Ba6 g4+ 73. Kh4 g3 74. Bb7 Nf3+ 0-1

[Event "Lichtenrader Herbst 2016"]
[Site "Berlin-Lichtenrade"]
[Date "2016.10.24"]
[Round "3.9"]
[White "Bruedigam, Martin"]
[Black "Boettcher, Patrick"]
[Result "1-0"]
[WhiteElo "2408"]
[BlackElo "2150"]
[PlyCount "53"]
[EventDate "2016.??.??"]
[WhiteTeam "SK König Tegel"]
[BlackTeam "SC Zitadelle Spandau 1977 e.V."]

1. e4 e5 2. Nf3 Nc6 3. Bc4 Bc5 4. b4 Bxb4 5. c3 Ba5 6. d4 b5 7. Bxb5 Nxd4 8.
Nxd4 exd4 9. O-O Ne7 10. cxd4 O-O 11. Ba3 Rb8 12. Bc4 d6 13. Nd2 c6 14. Rc1 Re8
15. Nb3 Bb6 16. Qf3 Be6 17. d5 cxd5 18. exd5 Bf5 19. Qf4 Bc7 20. Nd4 Qd7 21.
Nxf5 Nxf5 22. Bb3 Re5 23. Bb2 Rxb3 24. axb3 Rxd5 25. Qa4 Qxa4 26. bxa4 Rc5 27.
Ba3 1-0

[Event "Lichtenrader Herbst 2016"]
[Site "Berlin-Lichtenrade"]
[Date "2016.10.24"]
[Round "3.10"]
[White "Welz, Peter"]
[Black "Glantz, Robert"]
[Result "1/2-1/2"]
[WhiteElo "2085"]
[BlackElo "2340"]
[PlyCount "90"]
[EventDate "2016.??.??"]
[WhiteTeam "SV Empor Berlin e.V."]
[BlackTeam "SC Kreuzberg e.V."]

1. e4 c5 2. Nc3 a6 3. g3 b5 4. Bg2 Bb7 5. a3 e6 6. d3 Nf6 7. f4 d5 8. e5 Nfd7
9. Nf3 Nc6 10. O-O Be7 11. Bd2 Rc8 12. Rc1 Nb6 13. Kh1 Qd7 14. Qe1 b4 15. axb4
cxb4 16. Nd1 d4 17. Nf2 a5 18. b3 a4 19. bxa4 Nxa4 20. Ra1 Nc3 21. Ne4 O-O 22.
g4 Ra8 23. Rxa8 Rxa8 24. Bxc3 bxc3 25. f5 exf5 26. gxf5 f6 27. exf6 gxf6 28.
Qh4 Rf8 29. Qh6 Rf7 30. Rg1 Kh8 31. Nh4 Ne5 32. Ng6+ Nxg6 33. fxg6 Rg7 34. gxh7
f5 35. Bh3 Rxg1+ 36. Kxg1 Qd5 37. Qg6 fxe4 38. Qe8+ Kxh7 39. Qxe7+ Kg6 40. Bg2
Qg5 41. Qxb7 Qe3+ 42. Kf1 Qc1+ 43. Kf2 Qe3+ 44. Kf1 Qc1+ 45. Kf2 Qe3+ 1/2-1/2

[Event "Lichtenrader Herbst 2016"]
[Site "Berlin-Lichtenrade"]
[Date "2016.10.24"]
[Round "3.11"]
[White "Ilic, Zoran S"]
[Black "Hartmann, Jakob"]
[Result "1/2-1/2"]
[WhiteElo "2283"]
[BlackElo "2037"]
[PlyCount "40"]
[EventDate "2016.??.??"]
[WhiteTeam "ohne Verein"]
[BlackTeam "SV Königsjäger Süd-West e.V."]

1. d4 d5 2. Nf3 e6 3. c4 c6 4. Nbd2 f5 5. g3 Nd7 6. Bg2 Bd6 7. O-O Ngf6 8. b3
O-O 9. Bb2 b6 10. Ne5 Bb7 11. Nd3 g5 12. e3 g4 13. a4 Qe7 14. a5 c5 15. a6 Bc6
16. Ne5 Bxe5 17. dxe5 Ne8 18. Qc2 h5 19. Rfd1 Rd8 20. Nb1 Nb8 1/2-1/2

[Event "Lichtenrader Herbst 2016"]
[Site "Berlin-Lichtenrade"]
[Date "2016.10.24"]
[Round "3.12"]
[White "Llopis de Aysa, Manuel"]
[Black "Roesemann, Rainer"]
[Result "1/2-1/2"]
[WhiteElo "2023"]
[BlackElo "2282"]
[PlyCount "151"]
[EventDate "2016.??.??"]
[WhiteTeam "La Tour Aycelin"]
[BlackTeam "SV Bannewitz"]

1. d4 d5 2. c4 Nc6 3. Nf3 Bg4 4. Nc3 e6 5. cxd5 exd5 6. Bf4 Nf6 7. e3 Bd6 8.
Bxd6 Qxd6 9. Be2 O-O 10. O-O Rae8 11. Rc1 Ne4 12. Nxe4 dxe4 13. Nd2 Bxe2 14.
Qxe2 f5 15. Qb5 Rb8 16. Nc4 Qe7 17. Na5 Nxa5 18. Qxa5 c6 19. a3 a6 20. Qc5 Qd7
21. b4 Rbd8 22. Rfd1 Rf6 23. Qc4+ Kh8 24. Qe2 Qf7 25. Rc5 Qb3 26. Ra1 Rdf8 27.
g3 Rd8 28. h4 h6 29. Kg2 Rd5 30. Qc2 Qxc2 31. Rxc2 Kg8 32. Rc5 Rfd6 33. Rac1
Kf7 34. Kf1 Ke6 35. Ke2 Kd7 36. Kd2 b6 37. Rxd5 Rxd5 38. Kc3 g6 39. Rg1 h5 40.
Rc1 Ke6 41. Kb3 Kd7 42. Kc4 Rd6 43. Kb3 Kc7 44. Rc2 Kb7 45. Rc1 Rd7 46. Kc4 Kc7
47. Kb3 Rd8 48. Kc4 Kd6 49. Rd1 Rb8 50. Kb3 Kd5 51. Rc1 Ra8 52. Kb2 a5 53. Kb3
axb4 54. axb4 Ra7 55. Rd1 Kd6 56. Rc1 Ra8 57. Rd1 Kc7 58. Rc1 Kb7 59. Rd1 Rd8
60. Kc4 Rg8 61. d5 Ra8 62. dxc6+ Kxc6 63. b5+ Kc7 64. Rd2 Ra3 65. Kb4 Rd3 66.
Rc2+ Kd7 67. Rc6 Rd6 68. Rxd6+ Kxd6 69. Kc4 Ke5 70. Kc3 Kd5 71. Kb4 Ke6 72. Kc4
Ke5 73. Kc3 Kd6 74. Kd4 Ke6 75. Kc4 Ke5 76. Kc3 1/2-1/2

[Event "Lichtenrader Herbst 2016"]
[Site "Berlin-Lichtenrade"]
[Date "2016.10.24"]
[Round "3.13"]
[White "Koenig, Falk"]
[Black "Giemsa, Stephan"]
[Result "1/2-1/2"]
[WhiteElo "2037"]
[BlackElo "2270"]
[PlyCount "30"]
[EventDate "2016.??.??"]
[WhiteTeam "SF Vonkeln 1931"]
[BlackTeam "SK König Tegel 1949 e.V."]

1. d4 d5 2. c4 dxc4 3. Nc3 Nd7 4. Nf3 Nb6 5. Ne5 g6 6. e3 Be6 7. Ne4 Bd5 8. Qc2
Nf6 9. Nd2 Bg7 10. Ndxc4 O-O 11. f3 c5 12. dxc5 Nxc4 13. Nxc4 Rc8 14. e4 Be6
15. Be3 Nd7 1/2-1/2

[Event "Lichtenrader Herbst 2016"]
[Site "Berlin-Lichtenrade"]
[Date "2016.10.24"]
[Round "3.14"]
[White "Gruzmann, Boris"]
[Black "Bluhm, Robert"]
[Result "1-0"]
[WhiteElo "2253"]
[BlackElo "1915"]
[PlyCount "21"]
[EventDate "2016.??.??"]
[WhiteTeam "Lübecker SV"]
[BlackTeam "TSG Oberschöneweide e.V."]

1. e4 e5 2. Nf3 Nc6 3. d4 exd4 4. Bc4 Be7 5. c3 d3 6. Qb3 d5 7. Bxd5 Na5 8.
Bxf7+ Kf8 9. Qa4 Kxf7 10. Qxa5 b6 11. Qa4 1-0

[Event "Lichtenrader Herbst 2016"]
[Site "Berlin-Lichtenrade"]
[Date "2016.10.24"]
[Round "3.15"]
[White "Meister, Jakob"]
[Black "Hahlbohm, Matthias"]
[Result "1-0"]
[WhiteElo "2444"]
[BlackElo "2100"]
[PlyCount "79"]
[EventDate "2016.??.??"]
[WhiteTeam "SK Zehlendorf"]
[BlackTeam "TSG Oberschöneweide e.V."]

1. c4 e6 2. d4 d5 3. Nc3 Nf6 4. cxd5 exd5 5. Bg5 c6 6. e3 h6 7. Bh4 Bd6 8. Bd3
Nbd7 9. Nge2 O-O 10. Qc2 Re8 11. h3 b5 12. O-O Bb7 13. Ng3 Rc8 14. Nf5 Bf8 15.
Bg3 a6 16. Bd6 c5 17. Bxf8 Nxf8 18. dxc5 Rxc5 19. Qb3 Qd7 20. Qb4 Ne6 21. Rfd1
Rc7 22. Qh4 Ng5 23. Qg3 Kh8 24. h4 Ne6 25. Ne2 Rg8 26. Rac1 Rxc1 27. Rxc1 Ne4
28. Qg4 Nf6 29. Qb4 Rc8 30. Rd1 Nc5 31. Bb1 Ne6 32. Qd6 Qc7 33. Qxc7 Rxc7 34.
f3 h5 35. Kf2 g6 36. Nfd4 Bc8 37. a3 Kg7 38. Ba2 Nc5 39. Nf4 Be6 40. b4 1-0

[Event "Lichtenrader Herbst 2016"]
[Site "Berlin-Lichtenrade"]
[Date "2016.10.24"]
[Round "3.16"]
[White "Heinig, Wolfram"]
[Black "Hofene, Dieter"]
[Result "1/2-1/2"]
[WhiteElo "2277"]
[BlackElo "2056"]
[PlyCount "142"]
[EventDate "2016.??.??"]
[WhiteTeam "SK Zehlendorf e.V."]
[BlackTeam "SF Beelen 1984 e.V."]

1. d4 Nf6 2. c4 e6 3. g3 Bb4+ 4. Nd2 c5 5. a3 Bxd2+ 6. Qxd2 cxd4 7. Nf3 b6 8.
Bg2 Bb7 9. O-O O-O 10. b4 Qc7 11. Qxd4 Rc8 12. Bg5 Ne4 13. Rac1 Nxg5 14. Nxg5
Bxg2 15. Kxg2 Qb7+ 16. f3 f5 17. Rfd1 h6 18. Nh3 Rc7 19. Nf4 Nc6 20. Qd6 Re8
21. c5 b5 22. h4 Nd8 23. Ng6 Nf7 24. Qf4 a5 25. Ne5 Nxe5 26. Qxe5 Ra8 27. Rd6
axb4 28. axb4 Qc8 29. Rcd1 Raa7 30. Qd4 Kh7 31. Kf2 Qa8 32. Qd3 Qb8 33. Rb6
Rcb7 34. Qxb5 Rxb6 35. cxb6 Rb7 36. Qc5 Rxb6 37. Rxd7 Rb5 38. Qe7 Qe5 39. Rd6
Rxb4 40. Rxe6 Qd4+ 41. Re3 Rb3 42. Qe6 Rxe3 43. Qxe3 Qd5 44. Qd3 Qc5+ 45. Kg2
Kh8 46. Qd8+ Kh7 47. Qe8 Qd4 48. h5 Qc5 49. g4 fxg4 50. Qe4+ Kh8 51. Qxg4 Qc2
52. Qe6 Qc5 53. Qe8+ Kh7 54. Qg6+ Kh8 55. Qe8+ Kh7 56. f4 Qd5+ 57. Kg3 Qd4 58.
e3 Qd1 59. f5 Qg1+ 60. Kf4 Qg5+ 61. Ke4 Qg4+ 62. Ke5 Qg3+ 63. Kd5 Qf3+ 64. e4
Qd3+ 65. Ke5 Qc3+ 66. Ke6 Qc4+ 67. Kd6 Qd4+ 68. Kc7 Qa7+ 69. Kd8 Qd4+ 70. Kc7
Qa7+ 71. Kd6 Qd4+ 1/2-1/2

[Event "Lichtenrader Herbst 2016"]
[Site "Berlin-Lichtenrade"]
[Date "2016.10.24"]
[Round "3.17"]
[White "Gebigke, Martin"]
[Black "Ziese, Gerhard"]
[Result "1/2-1/2"]
[WhiteElo "2121"]
[BlackElo "2013"]
[PlyCount "87"]
[EventDate "2016.??.??"]
[WhiteTeam "SC Kreuzberg"]
[BlackTeam "SG Turm Leipzig"]

1. d4 Nf6 2. c4 c5 3. d5 b5 4. cxb5 a6 5. Nc3 axb5 6. e4 b4 7. Nb5 d6 8. Bc4
Nbd7 9. Qe2 g6 10. b3 Bg7 11. Bb2 O-O 12. Nf3 Ng4 13. Bxg7 Kxg7 14. O-O Qb6 15.
a4 bxa3 16. Nxa3 Ba6 17. Ng5 Nge5 18. f4 Nxc4 19. bxc4 Rfb8 20. e5 Qb2 21. Qe1
Qd4+ 22. Kh1 Bxc4 23. Nxc4 Rxa1 24. Qxa1 Qxc4 25. exd6+ Nf6 26. dxe7 Qxd5 27.
Nxh7 Qd4 28. Nxf6 Kxf6 29. Qa6+ Kg7 30. h3 Qe3 31. Qa1+ Qd4 32. Qa7 Re8 33. f5
gxf5 34. Re1 Qc3 35. Re2 Qc1+ 36. Kh2 Qf4+ 37. g3 Qf3 38. Qa1+ f6 39. Qb2 f4
40. gxf4 Qxf4+ 41. Kh1 Qf1+ 42. Kh2 Qf4+ 43. Kh1 Qf1+ 44. Kh2 1/2-1/2

[Event "Lichtenrader Herbst 2016"]
[Site "Berlin-Lichtenrade"]
[Date "2016.10.24"]
[Round "3.18"]
[White "Heuer, Thomas"]
[Black "Starke, Rene-Reiner"]
[Result "1/2-1/2"]
[WhiteElo "2127"]
[BlackElo "1937"]
[PlyCount "24"]
[EventDate "2016.??.??"]
[WhiteTeam "TSG Neuruppin"]
[BlackTeam "SW Lichtenrade"]

1. d4 d5 2. Nf3 Nf6 3. c4 c6 4. e3 e6 5. Nc3 Nbd7 6. Qc2 Bd6 7. Be2 dxc4 8.
Bxc4 O-O 9. O-O b5 10. Be2 Bb7 11. Rd1 Qc7 12. e4 e5 1/2-1/2

[Event "Lichtenrader Herbst 2016"]
[Site "Berlin-Lichtenrade"]
[Date "2016.10.24"]
[Round "3.19"]
[White "Shoipov, Dennie"]
[Black "Bekasovs, Rihards"]
[Result "0-1"]
[WhiteElo "1823"]
[BlackElo "2003"]
[PlyCount "88"]
[EventDate "2016.??.??"]
[BlackTeam "Riga Chess School"]

1. e4 e6 2. d4 d5 3. exd5 exd5 4. Bd3 Nc6 5. c3 Bd6 6. Ne2 Qh4 7. g3 Qh5 8. Bf4
Bxf4 9. Nxf4 Qxd1+ 10. Kxd1 Bg4+ 11. Kc2 Nf6 12. Re1+ Kd7 13. h3 Be6 14. Nd2 g5
15. Nxe6 fxe6 16. Re2 Rhf8 17. Rae1 Rae8 18. Nf3 h6 19. Ne5+ Nxe5 20. Rxe5 Ng8
21. R1e2 c6 22. Kd2 Rf6 23. Ke1 Ne7 24. f4 gxf4 25. gxf4 Ref8 26. Kd2 Nc8 27.
b3 Nd6 28. R5e3 R8f7 29. Kc2 b5 30. a3 Rg7 31. Kb2 Re7 32. Rf3 Ref7 33. Rfe3
Nb7 34. c4 Nd6 35. Kc3 a5 36. cxb5 Nxb5+ 37. Bxb5 cxb5 38. Kd3 Kd6 39. b4 axb4
40. axb4 Ra7 41. Re1 Rg6 42. Rc1 Ra4 43. Rce1 Rxb4 44. Rf1 Rb3+ 0-1

[Event "Lichtenrader Herbst 2016"]
[Site "Berlin-Lichtenrade"]
[Date "2016.10.24"]
[Round "3.20"]
[White "Wierzbicki, Jirawat"]
[Black "Toepper, Olaf"]
[Result "1/2-1/2"]
[WhiteElo "2108"]
[BlackElo "1898"]
[PlyCount "98"]
[EventDate "2016.??.??"]
[WhiteTeam "SK König Tegel"]
[BlackTeam "SV Eutin von 1875"]

1. e4 c5 2. c3 d5 3. exd5 Nf6 4. Nf3 Nxd5 5. d4 e6 6. Bc4 cxd4 7. cxd4 Bb4+ 8.
Nbd2 O-O 9. O-O Nc6 10. Qe2 Na5 11. Bb5 a6 12. Ba4 b5 13. Bc2 Bb7 14. Ne4 Be7
15. a3 Nf6 16. Rd1 Rc8 17. Bf4 Nxe4 18. Bxe4 Bxe4 19. Qxe4 Bf6 20. Ne5 Nc4 21.
b3 Nb6 22. Qb7 Nd5 23. Bd2 Qb6 24. Qxb6 Nxb6 25. Ba5 Nd5 26. Nd7 Rfe8 27. Nxf6+
Nxf6 28. Rac1 h6 29. g3 Nd5 30. Rc5 Rxc5 31. dxc5 Rc8 32. b4 Kf8 33. Kg2 Ke8
34. Kf3 Kd7 35. Ke4 Kc6 36. Ke5 Re8 37. Rd3 f6+ 38. Ke4 Re7 39. f4 Rd7 40. g4
Ne7 41. Rxd7 Kxd7 42. f5 e5 43. h4 Kc6 44. Bd8 Kd7 45. Bxe7 Kxe7 46. Kd5 Kd7
47. Ke4 Kc6 48. Ke3 a5 49. Ke4 a4 1/2-1/2

[Event "Lichtenrader Herbst 2016"]
[Site "Berlin-Lichtenrade"]
[Date "2016.10.24"]
[Round "3.21"]
[White "Kreutz, Jonas"]
[Black "Holinka, Henning"]
[Result "0-1"]
[WhiteElo "1722"]
[BlackElo "2018"]
[PlyCount "120"]
[EventDate "2016.??.??"]
[WhiteTeam "SV Königsjäger Süd-West e.V."]
[BlackTeam "Hamburger SK von 1830 eV"]

1. e4 g6 2. d4 Bg7 3. Nc3 a6 4. Be3 d6 5. Qd2 Nd7 6. h4 h5 7. Nf3 b5 8. Ng5 Bb7
9. a4 b4 10. Bc4 e6 11. Ne2 a5 12. f3 Nb6 13. Bb3 Qd7 14. c3 bxc3 15. bxc3 Ba6
16. Qa2 d5 17. Ng3 Ne7 18. Nf1 Qc6 19. Rc1 Nec8 20. Nd2 Nd6 21. Kf2 O-O 22. e5
Ndc4 23. g4 hxg4 24. h5 g3+ 25. Kxg3 Nxe3 26. hxg6 fxg6 27. Nde4 Nf5+ 28. Kg4
Nc4 29. Qh2 Nce3+ 30. Kf4 Ng2+ 31. Kg4 Nh6+ 32. Kg3 Nf4 33. Nf6+ Rxf6 34. exf6
Nh5+ 35. Kf2 Nxf6 36. Qh3 Re8 37. Rhe1 Bc8 38. Qg2 Rf8 39. Kg1 Nh5 40. Nh3 e5
41. f4 Bxh3 42. Bxd5+ Kh8 43. Bxc6 Bxg2 44. Bxg2 exf4 45. Bf3 Nf6 46. Re5 Nf7
47. Rxa5 g5 48. Rf5 Kh7 49. Be2 Kh6 50. Kg2 Nd6 51. Rc5 g4 52. Rh1+ Kg6 53.
Bd3+ Nfe4 54. Re1 f3+ 55. Kf1 Re8 56. Re5 Bxe5 57. Bxe4+ Nxe4 58. Rxe4 Kf5 59.
Re1 g3 60. dxe5 Rh8 0-1

[Event "Lichtenrader Herbst 2016"]
[Site "Berlin-Lichtenrade"]
[Date "2016.10.24"]
[Round "3.22"]
[White "Tham, Nam"]
[Black "Greiser, Christian"]
[Result "0-1"]
[WhiteElo "1650"]
[BlackElo "2033"]
[PlyCount "82"]
[EventDate "2016.??.??"]
[WhiteTeam "SC Weisse Dame (Berlin)"]
[BlackTeam "SC Weisse Dame (Berlin)"]

1. e4 Nf6 2. e5 Nd5 3. d4 d6 4. c4 Nb6 5. exd6 exd6 6. Nc3 Be7 7. Be2 O-O 8.
Nf3 Bf5 9. O-O Bf6 10. Be3 Re8 11. Qd2 N8d7 12. Rac1 Nf8 13. Rfd1 c6 14. b3 Rc8
15. h3 h6 16. Bd3 Bxd3 17. Qxd3 d5 18. c5 Nbd7 19. b4 Ne6 20. Ne2 Ng5 21. Nxg5
Bxg5 22. Bxg5 Qxg5 23. Ng3 g6 24. b5 Re6 25. bxc6 Rexc6 26. Qa3 a6 27. Rc2 Nf8
28. Rb2 Qe7 29. Rdb1 R8c7 30. Qf3 Qd7 31. Ne2 Ne6 32. Qe3 Kh7 33. Nc3 Ng5 34.
Qe5 Re6 35. Qxd5 Qe7 36. Rxb7 Re1+ 37. Kh2 Rxb7 38. Rxb7 Qf6 39. Rb2 Qf4+ 40.
g3 Nf3+ 41. Kg2 Rg1# 0-1